000
00263 a2200097 4500
001
32165
100
_a
Ryder, John D
245
_a
Electronic Fundamentals and applications: Integrated and discrete systems
260
_a
N Delhi
_b
PHI
_c
1999
090
_c
21610
_d
21610
942
_a
NUST-CAE
_c
M
_c
12904
999
_c
267238
_d
267238